00358nam a2200145Ia 4500008004100000020001500041041001200056082001600068100001700084245003000101260004500131300000800176650001200184700001600196221030s9999 xx 000 0 und d a0195615417 aEnglish a105.23bTha aP. K. Thaker 0aDeveloping English Skills bOxford Unviersity PressaNew Delhic1997 a126 aEnglish aS. D. Dasai